Congrès de patronage de Lyon et d'Anvers et le congrès de l'Union internationale de droit pénal, (Record no. 1748)

MARC details
000 -LEADER
fixed length control field 01244cam a2200301L 4500
001 - CONTROL NUMBER
control field ocn458201270
003 - CONTROL NUMBER IDENTIFIER
control field TZ-ArACH
005 - DATE AND TIME OF LATEST TRANSACTION
control field 20120528101817.0
008 - FIXED-LENGTH DATA ELEMENTS--GENERAL INFORMATION
fixed length control field 970701s1895 fr 000 0 fre d
016 7# - NATIONAL BIBLIOGRAPHIC AGENCY CONTROL NUMBER
Record control number FRBNF311560120000004
Source FrPBN
035 ## - SYSTEM CONTROL NUMBER
System control number (OCoLC)458201270
040 ## - CATALOGING SOURCE
Original cataloging agency BDF
Description conventions ncafnor
Language of cataloging fre
Transcribing agency TZ-ArACH
041 ## - LANGUAGE CODE
Language code of text/sound track or separate title Fre
049 ## - LOCAL HOLDINGS (OCLC)
Holding library TZAA
050 ## - LIBRARY OF CONGRESS CALL NUMBER
Classification number K5014.8
Item number .P78
100 1# - MAIN ENTRY--PERSONAL NAME
Personal name Prudhomme, Henri,
Dates associated with a name 1851-19..
Relator code aut
9 (RLIN) 5644
245 14 - TITLE STATEMENT
Title Congrès de patronage de Lyon et d'Anvers et le congrès de l'Union internationale de droit pénal,
Statement of responsibility, etc Henri Prudhomme
260 ## - PUBLICATION, DISTRIBUTION, ETC. (IMPRINT)
Place of publication, distribution, etc Paris :
Name of publisher, distributor, etc A. Pedone,
Date of publication, distribution, etc 1895.
300 ## - PHYSICAL DESCRIPTION
Extent 80 p. ;
Dimensions In-8°.
500 ## - GENERAL NOTE
General note Extrait de "La France judiciaire", Reprinted photocopy of a book initially printed in 1895.
650 ## - SUBJECT ADDED ENTRY--TOPICAL TERM
Topical term or geographic name as entry element Droit pénal
Form subdivision Congrès
Geographic subdivision France
9 (RLIN) 5645
650 ## - SUBJECT ADDED ENTRY--TOPICAL TERM
Topical term or geographic name as entry element Criminal law
Form subdivision Congress
Geographic subdivision France
9 (RLIN) 5646
856 42 - ELECTRONIC LOCATION AND ACCESS
Materials specified Notice et cote du catalogue de la Bibliothèque nationale de France
Uniform Resource Identifier <a href="http://catalogue.bnf.fr/ark:/12148/cb311560125">http://catalogue.bnf.fr/ark:/12148/cb311560125</a>
886 1# - FOREIGN MARC INFORMATION FIELD
2 intermrc
a 009
b a------------------
886 2# - FOREIGN MARC INFORMATION FIELD
2 intermrc
a 917
b --
o CRI
a CG014305850202P
942 ## - ADDED ENTRY ELEMENTS (KOHA)
Source of classification or shelving scheme Library of Congress Classification
Koha item type Books
Holdings
Home library Current library Shelving location Date acquired Full call number Barcode Koha item type
African Court on Human and Peoples' Rights Library African Court on Human and Peoples' Rights Library   28/05/2012 K5014.8 .P78 10018417 Books

African Court on Human and Peoples' Rights | For Inquiries Contact » +255 272 510 510